Football : pays UEFA qui ne sont jamais allés en coupe du monde - Statistiques

Statistiques générales
  • Ce quiz a été pris 77 fois
  • Le résultat moyen est 18 sur 22
Statistiques - réponses
Pays % Correct
Luxembourg
93%
Andorre
91%
Albanie
89%
Lettonie
89%
Liechtenstein
89%
Malte
89%
Saint-Marin
89%
Kosovo
87%
Macédoine du nord
87%
Biélorussie
84%
Lituanie
84%
Estonie
83%
Monténégro
83%
Finlande
80%
Chypre
77%
Arménie
76%
Moldavie
76%
Géorgie
74%
Azerbaïdjan
73%
Kazakhstan
64%
Gibraltar
60%
Îles Féroé
54%
Aucun quiz correspondant
Distribution des résultats
% des personnes avec chaque résultat
Percentile par nombre de réponses
Votre historique - résultats
Vous n’avez pas pris ce quiz